Liberalizace nájemného nepříznivě ovlivňuje rozvoj drobného podnikání

Liberalizácia nájomného ako bariéra rozvoja drobného podnikania. Regulácia nájomného obmedzuje vlastníkov. Problémy vlastníkov nebytových priestorov. Právomoci obecných zastupiteľstiev. Ochrana nájomcov. Ponuka a dopyt nebytových priestorov. Liberalizované nájomné ako kritérium rozvoja drobného podn...

Descrizione completa

Salvato in:
Dettagli Bibliografici
Autore principale: Císař, J.
Natura: Capitolo di libro
Lingua:ceco
Soggetti:
Tags: Aggiungi Tag
Nessun Tag, puoi essere il primo ad aggiungerne!!

MARC

LEADER 00000naa a2200000 4500
001 r000985
005 20221213082658.3
041 0 |a cze 
044 |a CZ 
245 1 0 |a Liberalizace nájemného nepříznivě ovlivňuje rozvoj drobného podnikání  |c J. Císař 
520 |a Liberalizácia nájomného ako bariéra rozvoja drobného podnikania. Regulácia nájomného obmedzuje vlastníkov. Problémy vlastníkov nebytových priestorov. Právomoci obecných zastupiteľstiev. Ochrana nájomcov. Ponuka a dopyt nebytových priestorov. Liberalizované nájomné ako kritérium rozvoja drobného podnikania. 
610 2 0 |a nájomné 
610 2 0 |a nájomcovia 
610 2 0 |a liberalizácia 
610 2 0 |a priestory nebytové 
610 2 0 |a podnikanie drobné 
100 1 |a Císař, J.